000 00485nam a2200181Ia 4500
001 11610
005 20260306162840.0
008 260306t2003||||xx |||||||||||||| ||spa||
041 _aESP
082 _a985.4
_bS23A
100 _aSánchez - Albornoz, Nicolás
_eAUT
245 0 _aLa ciudad de Arequipa, 1573-1645:
_bcondición, migración y trabajo indígenas
260 _c2003
300 _a54 páginas :
_c20 cm.
650 _aGEN
654 _aCHU
942 _cLIB
_dJUS
_fJUS
_2ddc
_n
999 _c11610
_d11610